000 01622nab a2200253 a 4500
005 20221107090007.0
008 991125c2018 ve fr p o 000 0 spa d
035 _aUPN01000233424
040 _aMX-MxUPN
_bspa
_cMX-MxUPN
_eaacr2
049 _aART-E
100 1 _aCeballos Van Grieken, Angel
_6- ceballos_angel@hotmail.com
245 1 0 _aDiseño y creación de un curso en línea sobre licencias Creative Commons
_h[recurso electrónico en línea]
506 0 _aAcceso electrónico
520 3 _aEl presente artículo expone detalladamente el proceso de diseño y creación de un curso en línea sobre las licencias Creative Commons para ser dictado completamente a distancia usando la plataforma MOODLE de la Coordinación de Estudios Interactivos a Distancia (CEIDIS) de la Universidad de Los Andes (Venezuela). Se han tomado en cuenta aspectos técnicos y gráficos originados por el CEIDIS y elementos teóricos de diseño instruccional como la redacción de logros por competencias que forma parte de la política y recomendación realizada por la Universidad de Los Andes. El curso diseñado ya forma parte de la oferta formativa del CEIDIS.
650 2 _926810
_aMoodle (Programa para computadora)
653 0 _aCurso en línea
653 0 _aCreative Commons
653 0 _aLicencia libre
773 _gVol. 12, no. 1 (2018), p. 107-124
_tEduweb : revista de tecnología de información y comunicación en educación
_x1856-7576
856 4 0 _uhttps://revistaeduweb.org/index.php/eduweb/article/view/53/49
902 _aGloriaJiménez/071122
_bGloriaJiménez/071122
905 _aArticulo
942 _cART-E
999 _c205519
_d205519